| 000 | 009760000a22002410004500 | ||
|---|---|---|---|
| 020 | _a987-9403-93-2 | ||
| 041 | 0 | _aSPA | |
| 082 | 0 | 4 | _aG 254.1 S8171m |
| 100 | 1 | _aSteffen, Tom A. | |
| 245 | 1 | 0 | _aLíderes que pasan la posta : plantanción de iglesias y retirada progresiva / Tom, A Steffen ; traducido por Stephen Gustafson |
| 260 | _aBuenos Aires, Argentina : Kairós | ||
| 300 | _a367 p. | ||
| 440 | 0 | _aCol. Herramientas para la misión | |
| 500 | _aTítulo original en inglés : Passing the Baton: Church planting that empowers | ||
| 501 | _arústico | ||
| 505 | 0 | 0 | _aIntroducción -- La retirada progresiva -- La preentrada -- La preevangelización -- La evangelización -- La postevangelización -- Apéndices |
| 650 | 1 | 4 | _aFUNDACION DE IGLESIAS \ PLANTACION DE IGLESIAS \ IGLESIA - MISIONES \ EVANGELIZACION |
| 001 | 18392 | ||
| 942 | _cBK | ||
| 999 |
_c44834 _d44834 |
||
| 336 |
_atexto _btxt _2rdacontent |
||
| 337 |
_2rdamedia _asin mediación _bn |
||
| 338 |
_2rdacarrier _avolumen _bnc |
||